Statistics for [路線図付き] 埼玉新都市交通 ニューシャトル 伊奈線 駅名穴埋めクイズ

Click here to take the quiz!

General Stats

  • This quiz has been taken 42 times
  • The average score is 10 of 13

Answers on the Map

Answers color-coded by a green-red scale on the quiz's map according to % correct below.
 

Answer Stats

Answer% Correct
ニューシャトル 伊奈線NS01大宮
100%
ニューシャトル 伊奈線NS13内宿
93%
ニューシャトル 伊奈線NS02鉄道博物館
93%
ニューシャトル 伊奈線NS11伊奈中央
80%
ニューシャトル 伊奈線NS09丸山
77%
ニューシャトル 伊奈線NS06吉野原
77%
ニューシャトル 伊奈線NS04東宮原
77%
ニューシャトル 伊奈線NS03加茂宮
77%
ニューシャトル 伊奈線NS12羽貫
73%
ニューシャトル 伊奈線NS07原市
70%
ニューシャトル 伊奈線NS08沼南
67%
ニューシャトル 伊奈線NS05今羽
67%
ニューシャトル 伊奈線NS10志久
57%

Score Distribution

Percentile by Number Answered

Percent of People with Each Score

Your Score History

You have not taken this quiz